Perl DBI : le guide du développeur

Bases de données simples sans DBI. SQL et les bases de données relationnelles, programmation avec DBI. Interaction avec les bases de données...

Bewaard in:
Bibliografische gegevens
Hoofdauteur: Descartes, Alligator
Formaat: Boek
Taal:Undetermined
Gepubliceerd in: Paris O'Reilly 2000
Onderwerpen:
Tags: Voeg label toe
Geen labels, Wees de eerste die dit record labelt!
Thư viện lưu trữ: Trung tâm Học liệu Trường Đại học Cần Thơ
LEADER 00769nam a2200205Ia 4500
001 CTU_232684
008 210402s9999 xx 000 0 und d
082 |a 005.133 
082 |b D445 
100 |a Descartes, Alligator 
245 0 |a Perl DBI : 
245 0 |b le guide du développeur 
245 0 |c Alligator Descartes, Tim Bunce ; trad. d'Éric Jacoboni 
260 |a Paris 
260 |b O'Reilly 
260 |c 2000 
520 |a Bases de données simples sans DBI. SQL et les bases de données relationnelles, programmation avec DBI. Interaction avec les bases de données... 
650 |a Perl (ngôn ngữ chương trình máy tính),Perl (Computer program language) 
910 |b dqhieu 
980 |a Trung tâm Học liệu Trường Đại học Cần Thơ